উদ্ভিদ বিজ্ঞান পরিভাষা / (Record no. 4619)
[ view plain ]
| 000 -LEADER | |
|---|---|
| fixed length control field | 00763nam a2200217 a 4500 |
| 001 - CONTROL NUMBER | |
| JCCL Control Number | 4619 |
| 003 - CONTROL NUMBER IDENTIFIER | |
| JCCL marc code | BD-JhCC |
| 005 - DATE AND TIME OF LATEST TRANSACTION | |
| control field | 20171129101737.0 |
| 008 - FIXED-LENGTH DATA ELEMENTS--GENERAL INFORMATION | |
| fixed length control field | 870917s1985 bg 001 0 ben |
| 035 ## - SYSTEM CONTROL NUMBER | |
| system control number | (BD-JhCC) |
| 040 ## - CATALOGING SOURCE | |
| Original cataloging agency | BD-JhCC |
| Modifying agency | BD-JhCC |
| 041 ## - LANGUAGE CODE | |
| Language code of Book | ben |
| 082 00 - DEWEY DECIMAL CLASSIFICATION NUMBER | |
| Classification number | 581.03 |
| Author mark and Year | MUT 1985 |
| 100 1# - MAIN ENTRY--PERSONAL NAME | |
| Personal name | মুত্তাকী, ইকবাল আজিজ |
| 245 10 - TITLE STATEMENT | |
| Title | উদ্ভিদ বিজ্ঞান পরিভাষা / |
| Statement of responsibility, etc | ডঃ ইকবাল আজিজ মুত্তাকী; ডঃ সামসু্দ্দীন আহমদ |
| 260 ## - PUBLICATION, DISTRIBUTION, ETC. (IMPRINT) | |
| Place of publication, distribution, etc | ঢাকা: |
| Name of publisher, distributor, etc | বাংলা একাডেমী; |
| Date of publication, distribution, etc | ১৯৮৫ |
| 300 ## - PHYSICAL DESCRIPTION | |
| Pagination | 74 p.; |
| Dimensions | 22 cm |
| 650 #0 - SUBJECT ADDED ENTRY--TOPICAL TERM | |
| Topical term or geographic name as entry element | Terminology of Botany |
| 700 1# - ADDED ENTRY--PERSONAL NAME | |
| Personal name | Strange, Jerry D. |
| 942 ## - ADDED ENTRY ELEMENTS (KOHA) | |
| Source of classification or shelving scheme | Dewey Decimal Classification |
| Koha item type | Books |
| Source of classification or shelving scheme | Damaged status | Not for loan | Home library | Current library | Shelving location | Date of accession | Cost, normal purchase price | Total Checkouts | Full call number | Barcode | Date last seen | Copy number | Koha item type |
|---|---|---|---|---|---|---|---|---|---|---|---|---|---|
| Dewey Decimal Classification | JCC Rouf Library | JCC Rouf Library | General Stacks | 11/29/2017 | 25.00 | 581.03 MUT 1985 | 5460 | 11/29/2017 | C-1 | Books |